|
|
|
|
| LEADER |
00602nam a22001931a 4500 |
| 020 |
|
|
|a 9788183614153
|c 0.00
|
| 040 |
|
|
|a SSUS - Library - Kalady
|
| 082 |
|
|
|a H7
|b ALO/W
|
| 100 |
|
|
|a Alok Puranik
|
| 245 |
|
|
|a White house mein ramleela
|h [Text]
|
| 260 |
|
|
|a New Delhi
|b Radhakrishna
|c 2011
|
| 300 |
|
|
|a 239p.
|
| 600 |
|
|
|a Literature Hindi
|
| 600 |
|
|
|a Literature
|
| 600 |
|
|
|a Satire Hindi
|
| 852 |
|
|
|h H7
|i ALO/W
|p 069682
|9 350.00
|t 0
|
| 942 |
|
|
|c BK
|
| 999 |
|
|
|c 50830
|d 50830
|
| 952 |
|
|
|0 0
|1 0
|4 0
|6 H_7_000000000000000_ALO_W
|7 0
|9 74105
|a SSUS
|b SSUS
|d 2015-01-08
|g 350.00
|o H7 ALO/W
|p 069682
|r 2015-01-08
|v 0.00
|w 2015-01-08
|y BK
|